Okres Kroměříž - Municipalities - Statistics

General Stats
  • This quiz has been taken 3 times
  • The average score is 34 of 72
Answers on the Map
Answers color-coded by a green-red scale on the quiz's map according to % correct below.
 
Answer Stats
Answer % Correct
Bystřice pod Hostýnem
100%
Chropyně
100%
Holešov
100%
Hulín
100%
Kroměříž
100%
Zahnašovice
100%
Zborovice
100%
Bezměrov
50%
Blazice
50%
Bořenovice
50%
Břest
50%
Brusné
50%
Cetechovice
50%
Chomýž
50%
Chvalčov
50%
Honětice
50%
Hoštice
50%
Komárno
50%
Koryčany
50%
Kostelec u Holešova
50%
Kunkovice
50%
Kurovice
50%
Kvasice
50%
Kyselovice
50%
Lechotice
50%
Litenčice
50%
Loukov
50%
Lubná
50%
Ludslavice
50%
Lutopecny
50%
Martinice
50%
Míškovice
50%
Mrlínek
50%
Němčice
50%
Nítkovice
50%
Osíčko
50%
Pacetluky
50%
Pačlavice
50%
Podhradní Lhota
50%
Prasklice
50%
Pravčice
50%
Přílepy
50%
Prusinovice
50%
Rajnochovice
50%
Rataje
50%
Roštění
50%
Roštín
50%
Rusava
50%
Rymice
50%
Skaštice
50%
Slavkov pod Hostýnem
50%
Střílky
50%
Třebětice
50%
Uhřice
50%
Vítonice
50%
Vrbka
50%
Žalkovice
50%
Záříčí
50%
Zástřizly
50%
Žeranovice
50%
Dřínov
0%
Jankovice
0%
Jarohněvice
0%
Karolín
0%
Kostelany
0%
Nová Dědina
0%
Šelešovice
0%
Soběsuky
0%
Střížovice
0%
Sulimov
0%
Věžky
0%
Zlobice
0%
No matching quizzes found
Score Distribution
Percent of People with Each Score
Percentile by Number Answered
Your Score History
You have not taken this quiz